Football: Coupes du Monde, matchs entre pays frontaliers - Statistiques

Statistiques générales
  • Ce quiz a été pris 366 fois
  • Le résultat moyen est 26 sur 29
Statistiques - réponses
Réponse % Correct
France
99%
Allemagne
98%
Argentine
98%
Brésil
98%
Italie
98%
RDA
98%
RFA
98%
Espagne
97%
Portugal
97%
Uruguay
97%
Belgique
96%
Suisse
96%
Chili
95%
Colombie
93%
Pays-Bas
93%
Pologne
93%
URSS
93%
Autriche
89%
Hongrie
86%
Tchécoslovaquie
86%
Danemark
85%
Mexique
85%
Etats Unis
82%
Pérou
79%
Bolivie
78%
Roumanie
77%
Bulgarie
73%
Grèce
72%
Coree du Nord
49%
Aucun quiz correspondant
Distribution des résultats
% des personnes avec chaque résultat
Percentile par nombre de réponses
Votre historique - résultats
Vous n’avez pas pris ce quiz